000 00479nam a2200169Ia 4500
008 240729s9999 xx 000 0 und d
022 _a2465-2334
245 0 _aArgumenta
260 _aItaly
260 _bUniversity of Sassari
650 _a Ethics
650 _a Philosophy (General) | Philosophy. Psychology. Religion
650 _aPhilosophy. Psychology. Religion
856 _uhttps://doaj.org/toc/59ca9bf877264594ae88d8cadcd05b2b
942 _2ddc
942 _cDOAJEJ
999 _c66664
_d66664
945 _a1
_bMadushi Gamage
_c1
_dMadushi Gamage